| 000 | 00481pab a2200169 454500 | ||
|---|---|---|---|
| 008 | 180718b2004 xxu||||| |||| 00| 0 eng d | ||
| 100 | _aMishra, Alok Kumar | ||
| 245 | _aStock market and foreign exchange market in India: are they related? | ||
| 260 | _c2004 | ||
| 300 | _ap.209-32. | ||
| 362 | _aJul-Dec | ||
| 650 | _aForeign exchange - India | ||
| 650 | _aFinancial markets - India | ||
| 650 | _aFinancial markets | ||
| 773 | _aSouth Asia Economic Journal | ||
| 909 | _a62975 | ||
| 999 |
_c62975 _d62975 |
||